Breaking Bad Characters - Statistics

General Stats
  • This quiz has been taken 40 times
  • The average score is 6 of 8
Answer Stats
Picture Answer % Correct
Jesse Pinkman
94%
Saul Goodman
94%
Walter H. White
91%
Skyler White
85%
Gus Fring
79%
Hank Schrader
64%
Todd Alquist
48%
Mike Ehrmantraut
36%
No matching quizzes found
Score Distribution
Percent of People with Each Score
Percentile by Number Answered
Your Score History
You have not taken this quiz